Statystyki dla Najwybitniejsi kierowcy Formuły 1 (dla Ignacego)

Kliknij tutaj aby rozwiązać quiz!

Ogólne statystyki

  • Ten quiz został rozwiązany 1 009 razy
  • Średni wynik to 7 z 15

Statystyki odpowiedzi

HintOdpowiedź% Poprawnych
4Lewis Hamilton
94%
2Michael Schumacher
87%
14Sebastian Vettel
85%
1Ayrton Senna
72%
6Fernando Alonso
69%
3Niki Lauda
59%
5Alain Prost
56%
8Juan Manuel Fangio
36%
7Mika Hakkinen
30%
13Nelson Piquet
26%
12James Hunt
23%
10Jackie Stewart
22%
11Jim Clark
19%
15Alberto Ascari
16%
9Keke Rosberg
13%

Rozkład punktacji

Percentyl według liczby udzielonych odpowiedzi

Procent ludzi z każdym wynikiem

Twoja historia wyników

Nie rozwiązałeś tego quizu